World's 20 Largest Lakes Quiz Stats

 Plays Quiz Updated Apr 2, 2016

Also try: Great Lakes
Challenge
Share
Tweet
Score 0/20 Timer 06:00
6 Plays Today
% Correct
Superior
94.8%
Michigan
92.4%
Huron
87.9%
Victoria
86.3%
Erie
85.1%
Caspian Sea
81.8%
Ontario
78.7%
Baikal
61.3%
Titicaca
51.6%
Malawi
48.4%
% Correct
Great Slave
48.3%
Great Bear
46.4%
Tanganyika
45%
Winnipeg
37.6%
Nicaragua
34.8%
Ladoga
27.9%
Eyre
25%
Maracaibo
23.2%
Balkhash
18.3%
Onega
17.8%

You're not logged in!

Compare scores with friends on all Sporcle quizzes.
Join for Free
OR
Log In

You Might Also Like...

Show Comments

Extras

Top Quizzes Today


Score Distribution

Your Account Isn't Verified!

In order to create a playlist on Sporcle, you need to verify the email address you used during registration. Go to your Sporcle Settings to finish the process.

Report this User

Report this user for behavior that violates our Community Guidelines.

Details: